00344 a2200109 4500001001000000005001700010008004100027245006900068100002400137773005600161999001700217ART_3798820260410161751.0260409a 10aLos delitos de omisión y evasión frente a la nueva moratoria1 aSequeira, Marcos A.0 tDoctrina tributariag- Nº 422 (mayo 2015)wREV4296 c19679d19679